| 000 | 00909nam a2200241Ii 4500 | ||
|---|---|---|---|
| 003 | JO-AjNU | ||
| 008 | 230605s9999||||xx |||||||||||||| ||und|| | ||
| 017 | _a2009/6/2890 | ||
| 020 | _a9957-16-550-5 | ||
| 040 |
_aJO-AjNU _bara _erda _cJO-AjNU |
||
| 041 | _aara | ||
| 050 | 1 | 4 | _aB833.I426.2010 |
| 100 | 3 |
_aالامام،محمد صالح ، الجوالدة،فؤاد عيد, _eauthor _927341 |
|
| 245 | 0 | 0 | _aالسلوكيات الدالة على نظرية العقل=Indicative Behaviors of Theory of Mind |
| 250 | _aط1 | ||
| 264 | 3 | 1 | _aعمان:دار الثقافة للنشر والتوزيع ، 2010 |
| 300 | _a368ص | ||
| 336 |
_atext _btxt _2rdacontent |
||
| 337 |
_aunmediated _bn _2rdamedia |
||
| 338 |
_avolume _bnc _2rdacarrier |
||
| 490 | 0 | _aسلسلة نظرية العقل في التربية الخاصة3 | |
| 650 | 4 |
_aالتربية الخاصة-صعوبات التعلم _927342 |
|
| 999 |
_aA10474 _c14042 _d14042 |
||